00922nam a22002417a 450000500170000001000130001702000110003003500130004103700160005404000120007008200150008210000250009724501760012226000400029827000460033830000340038450000200041865000440043865000290048294200240051199900190053595201260055420170124110249.0 aA-408522 c230.00 aA-408522 bCen Lib/Ret aDPLbEN a614.1bPAR aParikh, C.K. 998305 aMedical postmortems in India :b a colour atlas, including text, techniques and principles of analytical toxicology- guidelines for crime investigations /cby C.K. Parikh  aBombay bMedical Publicationsc1985 bBombay a6, Owners court, Colaba e400005 axiii, 184p. :c22cm(Hb)bill. aIncludes index  aForensic pathology -- Technique.998306 aAutopsy -- India.998307 2ddccENh614.1mPAR c135748d135748 00104070aLbLd2015-10-08eCen Lib/Retg230.00l0o614.1 PARpA-408522r2015-10-08 00:00:00t1v230.00w2015-10-08yEN